000 00938nam a2200217Ia 4500
003 Ost
005 20260507075054.0
008 260507s9999||||xx |||||||||||||| ||und||
040 _cfsecg
041 _aara
082 _a338.7
100 _aحجازي، المرسى السيد
_eمؤلف
245 0 _aاقصاديات المشروعات العامة :
_bالنظرية والتطبيق /
_c المرسى السيد حجازي
260 _aالاسكندرية:
_bالدار الجامعية,
_c2004
300 _a382 صفحة؛
_bإيضاحات ؛
_c25 سم
504 _aملاحق ص.377
520 _aالتخصيص الأمثل للموارد الإقتصادية،دراسة الجدوى الإقتصادية للمشروعات العامة،تسعير منتجات المشروعات العامة،خصخصة المشروعات العامة
653 _aاقتصاد
653 _aالمشروعات
942 _cكتاب
999 _c42725
_d42725